| Tag |
First Indicator |
Second Indicator |
Subfields |
| LEADER |
00000cam a2200000 i 4500 |
| 001 |
in00005654875 |
| 007 |
t| |
| 008 |
241106s2024 enka b 000 0 eng d |
| 005 |
20250802185329.9 |
| 035 |
|
|
|a (OCoLC)on1466057886
|
| 040 |
|
|
|a YDX
|b eng
|e rda
|c YDX
|d UKMGB
|d OCLCO
|d YDX
|d HALCL
|d CBY
|
| 019 |
|
|
|a 1466057373
|
| 020 |
|
|
|a 9781009504980
|
| 020 |
|
|
|a 1009504983
|q (hardcover)
|
| 020 |
|
|
|a 1009505009
|
| 020 |
|
|
|a 9781009505000
|
| 020 |
|
|
|z 9781009504997
|q PDF ebook
|
| 020 |
|
|
|z 9781009505017
|q ebook
|
| 024 |
8 |
|
|a CIPO000155746
|
| 035 |
|
|
|a (OCoLC)1466057886
|z (OCoLC)1466057373
|
| 050 |
|
4 |
|a N72.G76
|b C46 2024
|
| 082 |
0 |
4 |
|a 701.9
|2 23
|
| 100 |
1 |
|
|a Choi-Fitzpatrick, Austin,
|e author.
|1 https://id.oclc.org/worldcat/entity/E39PCjvvqrYPTB7B6Dr69pXmkC
|
| 245 |
1 |
0 |
|a Connective creativity :
|b what art can teach us about collaboration /
|c Austin Choi-Fitzpatrick and Gordon Hoople.
|
| 264 |
|
1 |
|a Cambridge :
|b Cambridge University Press,
|c 2024.
|
| 300 |
|
|
|a 68 pages :
|b illustrations ;
|c 24 cm
|
| 336 |
|
|
|a text
|2 rdacontent
|b txt
|
| 337 |
|
|
|a unmediated
|2 rdamedia
|b n
|
| 338 |
|
|
|a volume
|2 rdacarrier
|b nc
|
| 490 |
1 |
|
|a Cambridge Elements. Elements in creativity and imagination
|
| 504 |
|
|
|a Includes bibliographical references.
|
| 520 |
|
|
|a The story we often tell about artists is fiction. We tend to imagine the starving artists toiling alone in their studio when, in fact, creativity and imagination are often relational and communal. Through interviews with artistic collectives and first-hand experience building large scale installations in public spaces and at art events like Burning Man, Choi-Fitzpatrick and Hoople take the reader behind the scenes of a rather different art world. Connective Creativity leverages these experiences to reveal what artists can teach us about collaboration and teamwork and focuses in particular on the importance of embracing playfulness, cultivating a bias for action, and nurturing a shared identity. This Element concludes with an invitation to apply lessons from the arts to promote connective creativity across all our endeavors, especially to the puzzle of how we can foster more connective creativity with other minds, including other artificial actors.
|
| 650 |
|
0 |
|a Group work in art.
|
| 650 |
|
0 |
|a Creative ability.
|
| 650 |
|
0 |
|a Imagination.
|
| 650 |
|
6 |
|a Art
|x Travail en équipe.
|
| 650 |
|
6 |
|a Créativité.
|
| 650 |
|
7 |
|a creativity.
|2 aat
|
| 650 |
|
7 |
|a PSYCHOLOGY / General.
|2 bisacsh
|
| 700 |
1 |
|
|a Hoople, Gordon,
|e author.
|
| 776 |
0 |
8 |
|i ebook version :
|z 9781009504997
|
| 830 |
|
0 |
|a Cambridge elements.
|p Elements in creativity and imagination.
|
| 852 |
8 |
|
|b POD
|z This title is available for the library to purchase for your use. Click the "Purchase It For Me" button to place a request. This item will take 5-10 business days to arrive.
|
| 955 |
|
|
|a Print PDA title
|
| 961 |
|
|
|m 565730
|
| 999 |
f |
f |
|s e7bf21de-b054-4c89-aa7c-015e41d81cab
|i 01268a8c-d5ca-48cd-bf16-f401c1e116cd
|t 0
|
| 952 |
f |
f |
|a Texas A&M University
|b College Station
|c Sterling C. Evans Library
|d Purchase on Demand
|t 0
|e N72.G76 C46 2024
|h Library of Congress classification
|
| 998 |
f |
f |
|a N72.G76 C46 2024
|t 0
|l Purchase on Demand
|